| 000 | 01725nam a2200457 i 4500 | ||
|---|---|---|---|
| 001 | 5285 | ||
| 003 | KOSZ 005 | ||
| 005 | 20230207124039.0 | ||
| 008 | 200512s1979 pl a f 000 0 pol | ||
| 015 | _aPB 1979/9740 | ||
| 020 | _a8321329659 | ||
| 040 |
_aWA N _cWA N _dKOSZ 005/HR _dKOSZ 005/RW |
||
| 046 | _k1979 | ||
| 080 | _a628.1 | ||
| 080 | _a624.01/.07 | ||
| 080 | _a(07) | ||
| 100 | 1 |
_aPląskowski, Zbigniew _d(1921-2009) _eAutor |
|
| 245 | 1 | 0 |
_aKonstrukcje budowlane stacji uzdatniania wody / _cZbigniew Pląskowski, Marek Roman. |
| 260 |
_aWarszawa : _b"Arkady", _c1979. |
||
| 300 |
_a255, [1] stron : _bilustracje, tablice, wykresy ; _c25 cm. |
||
| 336 |
_aTekst _btxt _2rdacontent |
||
| 337 |
_aBez urządzenia pośredniczącego _bn _2rdamedia |
||
| 338 |
_aWolumin _bNC _2rdacarrier |
||
| 380 | _aKsiążki | ||
| 380 | _aPublikacje fachowe | ||
| 380 | _aPublikacje dydaktyczne | ||
| 388 | _a1901-2000 | ||
| 388 | _a1945-1989 | ||
| 504 | _aBibliografia na stronach 255-[256]. | ||
| 521 | 8 | _aKsiążka przeznaczona jest dla inżynierów budowlanych i sanitarnych projektujących urządzenia do uzdatniania wody oraz może być wykorzystywana przez studentów wydziałów inżynierii lądowej i sanitarnej. | |
| 650 | 7 | _aStacje uzdatniania wody | |
| 650 | 7 | _aBudowa i konstrukcje | |
| 650 | 7 | _aKonstrukcje budowlane | |
| 655 | 7 | _aPodręcznik | |
| 658 | _aArchitektura i budownictwo | ||
| 658 | _aInżynieria i technika | ||
| 710 | 2 |
_aWydawnictwo Arkady _4pbl. |
|
| 700 | 1 |
_aRoman, Marek _d(1931-2003) _eAutor |
|
| 856 |
_uhttp://koha.tu.koszalin.pl/cgi-bin/koha/opac-detail.pl?biblionumber=5285 _yKatalog online BPK |
||
| 942 |
_2UKD _cKS |
||
| 999 |
_c5285 _d5285 |
||